Zábavná hra na flétnu pojď se učit noty znát a na flétnu hezky hrát /
| Main Author: | Pospíšilová, Zuzana, 1975- |
|---|---|
| Language: | Czech |
| Published: |
Říčany u Prahy : Junior, c2010 |
| Edition: | České vyd. |
| Subjects: | |
| Physical Description: |
1 zpěvník ([22] s.) : barev. il. ; 35 cm + flétna |
| LEADER | 01753ccm a2200469 a 4500 | ||
|---|---|---|---|
| 001 | nkc20102155388 | ||
| 003 | CZ PrNK | ||
| 005 | 20260302100618.0 | ||
| 007 | qu | ||
| 008 | 110324s2010 xr stz a nn cze d | ||
| 015 | |a cnb002155388 | ||
| 020 | |a 978-80-7267-391-9 |q (brož.) | ||
| 040 | |a KLG001 |b cze |d OLA001 | ||
| 043 | |a e-xr--- | ||
| 045 | |a y-y- | ||
| 048 | |b wa01 | ||
| 072 | 7 | |a 788 |x Hudba pro dechové nástroje |2 Konspekt |9 9 | |
| 072 | 7 | |a 0/9-053.2 |x Literatura pro děti a mládež (naučná) |2 Konspekt |9 26 | |
| 080 | |a 780.642.1.02 |2 MRF | ||
| 080 | |a (075)78 |2 MRF | ||
| 100 | 1 | |a Pospíšilová, Zuzana, |d 1975- |7 mzk2006331486 |4 aut | |
| 245 | 1 | 0 | |a Zábavná hra na flétnu |h [hudebnina] : |b pojď se učit noty znát a na flétnu hezky hrát / |c [text Zuzana Pospíšilová] |
| 250 | |a České vyd. | ||
| 260 | |a Říčany u Prahy : |b Junior, |c c2010 | ||
| 300 | |a 1 zpěvník ([22] s.) : |b barev. il. ; |c 35 cm + |e flétna | ||
| 382 | 0 | 1 | |a sopránová zobcová flétna |n 1 |s 1 |
| 500 | |a Název z obálky | ||
| 500 | |a Kartonové listy | ||
| 521 | 8 | |a Určeno dětem od tří let | |
| 648 | 7 | |a 21. století |7 ch460559 |2 czenas | |
| 650 | 0 | 7 | |a hra na zobcovou flétnu |7 ph135759 |z Česko |y 21. století |2 czenas |
| 650 | 0 | 9 | |a recorder playing |z Czechia |y 21st century |2 eczenas |
| 655 | 7 | |a učebnice hudebních škol |7 fd201986 |2 czenas | |
| 655 | 7 | |a publikace pro děti |7 fd133156 |2 czenas | |
| 655 | 9 | |a textbooks (music schools) |2 eczenas | |
| 655 | 9 | |a children's literature |2 eczenas | |
| 910 | 2 | |a BOA001 |b Mus4-1268.920 | |
| 990 | |a MU | ||
| 995 | |a 01 | ||
| 991 | |b 201109 |c NOV | ||
| 925 | |a sopránová zobcová flétna |b sRec | ||
| 996 | 6 | |b 2610487262 |c Mus4-1268.920 |l MZK |r Sklad / do 1 hodiny |n 7 |p p.v. |w 001199512 |u 000010 |a 1 |e BOA001 |j MZK50 |s P | |
English
Čeština 